Stadtteile Hannovers mit Karte - Statistiken

Allgemein
  • Dieses Quiz wurde 178 mal gespielt
  • Das Durchschnittsergebnis liegt bei 29 aus 51
Antworten auf der Karte
Die Antworten werden auf der Karte rot bzw. grün angezeigt, abhängig davon wie oft sie richtig erraten wurden.
 
Antwortstatistiken
Stadtteil % Korrekt
Linden-Mitte
88%
Mitte
86%
Südstadt
76%
Anderten
74%
Misburg-Nord
74%
Nordstadt
74%
Limmer
73%
List
73%
Döhren
70%
Ricklingen
70%
Herrenhausen
69%
Stöcken
69%
Vahrenwald
67%
Zoo
66%
Oststadt
65%
Calenberger Neustadt
64%
Wülfel
64%
Ahlem
62%
Wettbergen
62%
Linden-Süd
61%
Bemerode
60%
Isernhagen-Süd
60%
Vahrenheide
60%
Bothfeld
59%
Bult
59%
Linden-Nord
59%
Kirchrode
58%
Kleefeld
56%
Lahe
56%
Misburg-Süd
55%
Groß-Buchholz
54%
Nordhafen
53%
Davenstedt
50%
Sahlkamp
50%
Vinnhorst
50%
Mittelfeld
49%
Badenstedt
48%
Oberricklingen
48%
Wülferode
48%
Mühlenberg
46%
Burg
45%
Marienwerder
43%
Leinhausen
41%
Hainholz
40%
Waldhausen
40%
Waldheim
40%
Brink-Hafen
39%
Ledeburg
39%
Heideviertel
37%
Bornum
35%
Seelhorst
29%
Keine übereinstimmenden Quizze gefunden
Verteilung der Resultate
Anzahl Personen mit jedem Resultat
Perzentil nach korrekt beantworteten Fragen
Ihre Resultats-Entwicklung
Sie haben dieses Quiz noch nicht gespielt